[Event "AUT-ch Zwisch Internet"]
[Site "Playchess.com INT"]
[Date "2020.05.02"]
[Round "11"]
[White "Mira, Helene"]
[Black "Schroettner, Martin"]
[Result "1/2-1/2"]
[WhiteElo "2082"]
[BlackElo "1934"]
[PlyCount "145"]
[EventDate "2020.05.02"]
[EventType "swiss (blitz)"]
[EventRounds "13"]
[EventCountry "AUT"]
[SourceTitle "CBM 195 Extra"]
[Source "ChessBase"]
[SourceDate "2020.05.31"]
[SourceVersion "1"]
[SourceVersionDate "2020.05.31"]
[SourceQuality "1"]

1. d4 c6 2. c4 d5 3. Nc3 e5 4. cxd5 cxd5 5. dxe5 d4 6. Ne4 Qa5+ 7. Bd2 Qxe5 8. Ng3 Nc6 9. Nf3 Qd5 10. Qb3 Qxb3 11. axb3 Nf6 12. e3 dxe3 13. Bxe3 Bb4+ 14. Nd2 a6 15. 0-0-0 0-0 16. Nc4 Be6 17. Nb6 Rad8 18. Bc4 Bxc4 19. bxc4 Ne5 20. h3 Rfe8 21. b3 h6 22. Kc2 Nc6 23. Nf5 Ba5 24. Nd5 Nb4+ 25. Nxb4 Bxb4 26. Rxd8 Rxd8 27. Rd1 Rc8 28. Bd4 Nh5 29. Bc3 Bf8 30. g3 b5 31. Rd4 Bc5 32. Rd2 bxc4 33. bxc4 Bf8 34. Kb3 Rb8+ 35. Ka4 g6 36. Nd6 Ng7 37. c5 Ne6 38. Bb4 Nc7 39. f4 Ne6 40. Rd5 Nc7 41. Rd3 Ne6 42. Rd5 Nc7 43. Re5 Bg7 44. Re4 f5 45. Re7 Nd5 46. Re8+ Rxe8 47. Nxe8 Bf8 48. Ba3 Kf7 49. Nd6+ Ke6 50. Nb7 Kd7 51. Na5 Kc7 52. Kb3 Ne3 53. Kc3 Nf1 54. g4 fxg4 55. hxg4 Ne3 56. g5 Nd5+ 57. Kd4 Nxf4 58. gxh6 Bxh6 59. Ke4 Ne6 60. Ke5 Nd8 61. Kf6 Bd2 62. Nc4 Bc3+ 63. Kxg6 Kc6 64. Kf5 Nb7 65. Ke4 Nxc5+ 66. Bxc5 Kxc5 67. Na3 Kb4 68. Nb1 Kb3 69. Kd3 Kb2 70. Nxc3 a5 71. Na4+ Kb3 72. Nb6 a4 73. Nxa4 1/2-1/2

[Event "AUT-ch Vor3 Internet"]
[Site "Playchess.com INT"]
[Date "2020.04.17"]
[Round "2"]
[White "Huber, Guenter"]
[Black "Schroettner, Martin"]
[Result "0-1"]
[WhiteElo "1979"]
[BlackElo "1934"]
[PlyCount "90"]
[EventDate "2020.04.17"]
[EventType "swiss (blitz)"]
[EventRounds "9"]
[EventCountry "AUT"]
[SourceTitle "CBM 195 Extra"]
[Source "ChessBase"]
[SourceDate "2020.05.31"]
[SourceVersion "1"]
[SourceVersionDate "2020.05.31"]
[SourceQuality "1"]

1. c4 c6 2. g3 d5 3. cxd5 cxd5 4. Bg2 Nc6 5. d4 Nf6 6. Nf3 Bg4 7. 0-0 Rc8 8. Nc3 a6 9. Bg5 e6 10. h3 Bh5 11. Ne5 Be7 12. g4 Bg6 13. Rc1 0-0 14. Qd2 Nd7 15. Bxe7 Qxe7 16. Nxg6 hxg6 17. e3 Nb6 18. b3 Rc7 19. Ne2 Rfc8 20. Nf4 Qb4 21. Qd3 Qd6 22. Qd2 Qb4 23. Qe2 Qd6 24. Nd3 Nd7 25. Nc5 Ne7 26. Nd3 Nc6 27. f4 Nb4 28. Ne5 Rxc1 29. Nxd7 Qxd7 30. Rxc1 Rxc1+ 31. Kh2 Rc2 32. Qf3 Rxa2 33. f5 Qd6+ 34. Kg1 Ra1+ 35. Kf2 Nd3+ 36. Ke2 Nc1+ 37. Kf2 Nxb3 38. fxg6 fxg6 39. Qe2 Qa3 40. Kg3 Ra2 41. Qd3 Nc1 42. Qxg6 Qxe3+ 43. Kh4 Qh6+ 44. Qxh6 gxh6 45. Kh5 Rxg2 0-1

[Event "AUT-ch Vor2 Internet"]
[Site "Playchess.com INT"]
[Date "2020.04.13"]
[Round "1"]
[White "Schroettner, Martin"]
[Black "Hechl, Gerald"]
[Result "0-1"]
[WhiteElo "1934"]
[BlackElo "2333"]
[PlyCount "94"]
[EventDate "2020.04.13"]
[EventType "swiss (blitz)"]
[EventRounds "9"]
[EventCountry "AUT"]
[SourceTitle "CBM 195 Extra"]
[Source "ChessBase"]
[SourceDate "2020.05.31"]
[SourceVersion "1"]
[SourceVersionDate "2020.05.31"]
[SourceQuality "1"]

1. Nf3 d5 2. c4 d4 3. e3 Nc6 4. b3 e5 5. Bb2 Bg4 6. h3 Bh5 7. g4 Bg6 8. Bg2 dxe3 9. fxe3 f6 10. 0-0 Bd3 11. Rf2 Bc5 12. Ne1 Bg6 13. Nc3 a6 14. Ne4 Ba7 15. Ng3 Nge7 16. Nf3 0-0 17. Nh4 Bd3 18. Nhf5 Nxf5 19. Nxf5 Rb8 20. Ba3 Re8 21. Qf3 Ne7 22. Ng3 c6 23. Re1 Bg6 24. h4 Qa5 25. Bxe7 Rxe7 26. a4 h6 27. h5 Bh7 28. Nf5 Rd7 29. Rd1 Rbd8 30. Qe2 Qb4 31. d4 Bxf5 32. Rxf5 exd4 33. exd4 Bxd4+ 34. Kh1 Be5 35. Rb1 Qd2 36. Qf3 Rd3 37. Qf1 Qe3 38. b4 Qg3 39. Rxe5 fxe5 40. b5 Qf4 41. Qg1 axb5 42. cxb5 Qxa4 43. bxc6 bxc6 44. Qb6 Rd1+ 45. Rxd1 Rxd1+ 46. Kh2 Qf4+ 47. Kh3 Rd3+ 0-1

[Event "AUT-ch Vor1 Internet"]
[Site "Playchess.com INT"]
[Date "2020.04.11"]
[Round "8"]
[White "Morgunov, Marc"]
[Black "Schroettner, Martin"]
[Result "1-0"]
[WhiteElo "2341"]
[BlackElo "1934"]
[PlyCount "81"]
[EventDate "2020.04.11"]
[EventType "swiss (blitz)"]
[EventRounds "9"]
[EventCountry "AUT"]
[SourceTitle "CBM 195 Extra"]
[Source "ChessBase"]
[SourceDate "2020.05.31"]
[SourceVersion "1"]
[SourceVersionDate "2020.05.31"]
[SourceQuality "1"]

1. e4 c6 2. Nc3 d5 3. Nf3 dxe4 4. Nxe4 Nf6 5. Qe2 Nxe4 6. Qxe4 Nd7 7. d4 Nf6 8. Qh4 Bf5 9. c3 e6 10. Bc4 Be7 11. Qg3 Bg6 12. h4 Ne4 13. Qf4 Bd6 14. Qe3 h6 15. Bd3 f5 16. Nd2 Nxd2 17. Qxe6+ Qe7 18. Qxe7+ Kxe7 19. Bxd2 Rhe8 20. 0-0-0 Kf7 21. h5 Bh7 22. Rde1 Kf6 23. c4 Bg8 24. Bc3 Kf7 25. Bxf5 Bf4+ 26. Kc2 Kf6 27. Bg6 Rxe1 28. Rxe1 Bxc4 29. g3 Bd6 30. f4 Bd5 31. Re5 Rf8 32. a3 a6 33. Bb4 Bxb4 34. axb4 Rd8 35. Kd3 Ra8 36. g4 Be6 37. g5+ hxg5 38. fxg5+ Ke7 39. Bf5 Rf8 40. Rxe6+ Kd8 41. Ke4 1-0